Sports Quiz

Random Sports Quiz

Sumo Makuuchi ranks Quiz Stats

 Plays Quiz not verified by Sporcle

Score 0/5 Timer 03:00
0 Plays Today
rank % Correct
yokozuna
98.9%
ozeki
98.9%
sekiwake
93.5%
maegashira
87.1%
komosubi
68.8%

You're not logged in!

Compare scores with friends on all Sporcle quizzes.
OR
Log In

Show Comments

Extras

Created Nov 2, 2010ReportNominate

Top Quizzes Today


Score Distribution

Your Account Isn't Verified!

In order to create a playlist on Sporcle, you need to verify the email address you used during registration. Go to your Sporcle Settings to finish the process.

Report this User

Report this user for behavior that violates our Community Guidelines.

Details: